000 01128nam a22001817a 4500
999 _c59418
_d59418
003 Ge_BSU
005 20230214125151.0
008 230214s2009 ge ||||| |||| 00| 0 geo d
041 _ageo
080 _a336.225.611 რ-72
245 _aროგორ შევავსოთ საშემოსავლო, დამატებითი ღირებულების, მოგების, აქციზის, ქონების გადასახადის დეკლარაციები :
_bგზამკვლევი გადასახადის გადამხდელთა დასახმარებლად : ცვლილებებითა და დამატებებით 2009 წლის 5 მარტამდე.
264 _aთბილისი :
_b[ბონა კაუზა],
_c2009.
300 _a72 გვ. ;
_b20 სმ.
490 _aიურისტის ბიბლიოთეკა
653 _aსაგადასახადო დეკლარაციები
653 _aეკონომოკა
942 _2udc
_cBK